| 000 | 00839nas a2200277 4500 | ||
|---|---|---|---|
| 001 | BR0701676 | ||
| 003 | BR-BrBNA | ||
| 005 | 20231205110702.0 | ||
| 007 | ta | ||
| 008 | 230509b bl.|||p| |||| 00| 00por d | ||
| 040 |
_aBR-BrBNA _bpor _cBiblioteca Nacional de Agricultura |
||
| 041 | _a(En) | ||
| 072 | _aF60 | ||
| 100 | 1 | _aAntoniali, S. | |
| 100 | 1 | _aLeal, P.A.M. | |
| 100 | 1 | _aMagalhães, A.M. de | |
| 100 | 1 | _aFuziki, R.T. | |
| 100 | 1 | _aSanches, J. | |
| 245 | 1 | _aPhysico-chemical characterization of "Zarco HS" yellow bell pepper for different ripeness stages | |
| 650 | _aPIMENTÃO | ||
| 650 | _aCOMPOSIÇÃO QUÍMICA | ||
| 650 | _aMATURAÇÃO | ||
| 773 | 0 |
_tScientia Agricola (Brazil) _xISSN 0103-9016 _g(Jan-Feb 2007), v. 64(1) p. 19-22 _wBR0701676 |
|
| 909 |
_a202311 _bLúcia _c55 _dLúcia Elande |
||
| 942 |
_2AGRIS _n0 _cANA |
||
| 999 |
_c188544 _d188544 |
||